01256nam0a22002651 4500001001100000005001700011021001900028035002600047100004100073101000800114102000700122105001800129200028700147210003200434215002300466225002200489300016200511606008700673702004400760702004800804702007500852801001800927801002200945852002300967rc\467521220250612150930.0 aRUb[64-78563] a(NLR Aleph) 008704781 a20130416d1964 |||y0rusy50 ca0 arus aRU aa bg |||||1 aПодшипники каченияeКаталог-справочникfЦентр. ин-т науч.-техн. информации по автоматизации и машиностроению. Гос. ком. по машиностроению при Госплане СССР aМоскваcБ. и.d1964 a395 с.cил.d271 aСерия ОС-X aВ вып. дан. сост.: д-р техн. наук Спицын Н.А., Доброборский С.А., Коростишевский Р.В. и др. aПодшипники каченияjКаталоги-справочники2psbo 1aДоброборскийbС.А.4220 1aКоростишевскийbР.В.4220 1aСпицынbН.А.gНиколай Александрович4220 0aRUbNLRgpsbo 1aRUbELAR2rusmarc aNLRjПт 36.62/80